| Tag |
First Indicator |
Second Indicator |
Subfields |
| LEADER |
00000cam a2200000 a 4500 |
| 001 |
in00000082406 |
| 005 |
20151008061152.0 |
| 008 |
820127s1981 nyua 00100 eng |
| 010 |
|
|
|a 81214007
|
| 020 |
|
|
|a 0517545276 :
|c $25.00
|
| 035 |
|
|
|a (OCoLC)08193953
|
| 035 |
|
|
|9 AAJ7460AM
|
| 039 |
0 |
|
|a 2
|b 3
|c 3
|d 3
|e 3
|
| 040 |
|
|
|a DLC
|c DLC
|d TXA
|d UtOrBLW
|
| 043 |
|
|
|a n-us---
|
| 049 |
|
|
|a TXAM
|c [1362271]
|
| 050 |
0 |
0 |
|a E169.12
|b .J34 1981
|
| 082 |
0 |
|
|a 973.92
|2 19
|
| 245 |
0 |
0 |
|a James A. Michener's USA /
|c foreword by James A. Michener ; edited by Peter Chaitin.
|
| 250 |
|
|
|a 1st ed.
|
| 264 |
|
1 |
|a New York :
|b Crown Publishers,
|c [1981]
|
| 264 |
|
4 |
|c ©1981
|
| 300 |
|
|
|a viii, 342 pages :
|b illustrations (some color) ;
|c 28 cm.
|
| 336 |
|
|
|a text
|b txt
|2 rdacontent
|
| 337 |
|
|
|a unmediated
|b n
|2 rdamedia
|
| 338 |
|
|
|a volume
|b nc
|2 rdacarrier
|
| 500 |
|
|
|a Includes index.
|
| 651 |
|
0 |
|a United States
|x Civilization
|y 1970-
|
| 651 |
|
0 |
|a United States
|x Social life and customs
|y 1971-
|
| 651 |
|
0 |
|a United States
|v Aerial views.
|
| 651 |
|
0 |
|a United States
|v Pictorial works.
|
| 700 |
1 |
|
|a Michener, James A.
|q (James Albert),
|d 1907-1997.
|
| 700 |
1 |
|
|a Chaitin, Peter.
|
| 999 |
|
|
|a MARS
|
| 999 |
f |
f |
|s 0e8b07a0-af8b-3af1-a44f-ef964abfcf79
|i 5ea57d68-adb3-39e0-9d06-0cb2ca0a2390
|t 0
|
| 952 |
f |
f |
|p ric
|a Texas A&M University
|b Rellis Campus
|c Joint Library Facility
|d Remote Storage
|t 0
|e E169.12 .J34 1981
|h Library of Congress classification
|i unmediated -- volume
|m A14806105164
|
| 998 |
f |
f |
|a E169.12 .J34 1981
|t 0
|l Remote Storage
|